IFRS/NIIF plenos A su alcance, para facilitar su implementacin̤ /

Detalles Bibliográficos
Autor principal: Mantilla Blanco, Samuel Alberto
Formato: eBook
Lenguaje:español
Publicado: Bogot:̀ ECOE, 2013
Materias:
Acceso en línea:Acceso restringido

MARC

LEADER 00000nam a22000007a 4500
005 20220214214559.0
007 cr|||| ||||
008 220214s2013 co |||||s|||| 00||0 spa d
020 |a 9789587712056 
035 |a 35874 
040 |a vLex 
090 |c 12986  |d 12986 
100 1 |a Mantilla Blanco, Samuel Alberto 
245 1 0 |a IFRS/NIIF plenos  |h [Recurso electrn̤ico] :  |b A su alcance, para facilitar su implementacin̤ /  |c Samuel Alberto Mantilla Blanco 
256 |a Servicio en ln̕ea 
260 |a Bogot:̀  |b ECOE,  |c 2013 
300 |a 1 recurso electrn̤ico 
506 1 |a Disponible solo en los productos indicados  |d vLex Global  |d vLex Global (Academic Edition, excluding Law Schools)  |d vLex Global (U.S. Academic Edition, Law Schools)  |d vLex Global (U.S. Academic Edition, excluding Law Schools)  |d vLex Global (Academic Edition, Law Schools) 
650 0 4 |a Contabilidad  |z Colombia 
740 0 |a vLex Libros (Servicio en ln̕ea) 
856 4 0 |u https://app.vlex.com/#/sources/35874  |z Acceso restringido 
942 |c BOOK 
999 0 |a Accounting